Quy định về công tác quy hoạch kế hoạch phát triển kinh tế xã hội

Gồm các văn bản của chính phủ ban hành qui định công tác xây dựng quy hoạch, kế hoạch phát triển kinh tế - xã hội, cấp thoát nước đô thị, qui hoạch phát triển nông. Lâm nghiệp nông thôn, phát triển nguồn nhân lực, phát triển sự nghiệp giáo...

全面介紹

Đã lưu trong:
書目詳細資料
企業作者: Nhà xuất bản Chính trị Quốc gia
格式: 圖書
語言:Undetermined
出版: Hà Nội Chính trị Quốc gia 2007
主題:
標簽: 添加標簽
沒有標簽, 成為第一個標記此記錄!
Thư viện lưu trữ: Trung tâm Học liệu Trường Đại học Cần Thơ
LEADER 01080nam a2200217Ia 4500
001 CTU_130968
008 210402s9999 xx 000 0 und d
020 |c 29000 
082 |a 346.045 
082 |b Qu600 
110 |a Nhà xuất bản Chính trị Quốc gia 
245 0 |a Quy định về công tác quy hoạch kế hoạch phát triển kinh tế xã hội 
245 0 |c Nhà xuất bản Chính trị Quốc gia 
260 |a Hà Nội 
260 |b Chính trị Quốc gia 
260 |c 2007 
520 |a Gồm các văn bản của chính phủ ban hành qui định công tác xây dựng quy hoạch, kế hoạch phát triển kinh tế - xã hội, cấp thoát nước đô thị, qui hoạch phát triển nông. Lâm nghiệp nông thôn, phát triển nguồn nhân lực, phát triển sự nghiệp giáo dục 
650 |a Economic aspects,Land use 
650 |x law and legislation 
904 |i Nguyên 
980 |a Trung tâm Học liệu Trường Đại học Cần Thơ